000 00297nam a22001097a 4500
999 _c13514
_d13514
082 _a910.4
_bن س ی
100 _aنسیمہ بنت سراج
245 _aد یس بد یس
260 _aکراچی
_bخواجہ پرنٹرز اینڈ پبلشرز
_c٢٠٠٣
300 _a٢٣٣
942 _cBK